000
00322nam a2200133Ia 4500
005
20260328104316.0
008
260328s9999||||xx |||||||||||||| ||und||
100
_a
Van, A.J
245
0
_a
Planning and creation of an environment /
_c
A.J Van
260
_b
Physical
300
_a
90 p.
650
_a
URBANISMO
942
_c
BK
999
_c
11151
_d
11151